| 000 | 01771nam0a2200337 4500 | ||
|---|---|---|---|
| 001 | RU\NLR\BIBL_A\010878113 | ||
| 005 | 201512140509 | ||
| 010 |
_a978-5-89230-630-0 _9150 |
||
| 021 |
_aRU _b2015-76336 _94608 |
||
| 035 | _a(NLR Aleph) 010878113 | ||
| 035 | _a(NILC)RuMoRGB-008034289 | ||
| 090 |
_a10490810 _c10490810 |
||
| 100 | _a20151029d2015 k y0rusy50 ca | ||
| 101 | 0 | _arus | |
| 102 | _aRU | ||
| 105 | _aa j 000yy | ||
| 200 | 1 |
_aПроектирование образовательных ресурсов контроля качества обучения _eучебное пособие для работников системы образования _fН. Ц. Бильгаева, Е. Г. Чимитова _gМ-во образования и науки Рос. Федерации, Федер. гос. бюджет. образоват. учреждение высш. проф. образования "Восточно-Сибирский гос. ун-т технологий и упр." (ФГБОУ ВПО ВСГУТУ) |
|
| 210 |
_aУлан-Удэ _cИзд-во ВСГУТУ _d2015 |
||
| 215 |
_a90, [1] с. _cил. _d30 |
||
| 320 | _aБиблиогр.: с. 90 (11 назв.) | ||
| 606 | 1 |
_aТесты (пед.) _jУчебные издания _xСоставление _xИнформационные технологии _92250955 _3RU\NLR\AUTH\6601580771 |
|
| 686 | 1 | _aЧ312.84я7 | |
| 700 | 1 |
_aБильгаева _bН. Ц. _gНадежда Цанжиевна |
|
| 701 | 1 |
_aЧимитова _bЕ. Г. _gЕлена Гендуновна |
|
| 801 | 0 |
_aRU _bРГБ _c20151005 _gRCR |
|
| 801 | 2 |
_aRU _bРГБ _c20151006 _grcr |
|
| 942 | _cBOOK | ||
| 980 | _aNBR | ||
| 980 | _aNB | ||